Der jugendmedienschutz, bzw. Der jugendschutz im internet,im schnittfeld von padagogischen und juristischen institutionen aus beispielen Deutschland und Griechenland : διπλωματική εργασία [μεταπτυχιακή εργασία]

Αποθηκεύτηκε σε:
Λεπτομέρειες βιβλιογραφικής εγγραφής
Κύριος συγγραφέας: Κατσαβός, Κωνσταντίνος
Συγγραφή απο Οργανισμό/Αρχή: Πανεπιστήμιο Αιγαίου Σχολή Ανθρωπιστικών Επιστημών Παιδαγωγικό Τμήμα Δημοτικής Εκπαίδευσης Πρόγραμμα Μεταπτυχιακών Σπουδών Επιστήμες της Αγωγής - Εκπαίδευση με τη Χρήση Νέων Τεχνολογιών
Άλλοι συγγραφείς: Gutenberg, Johannes (Εισηγητής διατριβής)
Μορφή: Thesis Βιβλίο
Γλώσσα:German
Δημοσίευση: 2009
Θέματα:
Διαθέσιμο Online:http://hdl.handle.net/11610/16319
Ετικέτες: Προσθήκη ετικέτας
Δεν υπάρχουν, Καταχωρήστε ετικέτα πρώτοι!

MARC

LEADER 00000cam a2200000 i 4500
001 1/19254
008 120508s2009 ger d
035 |l 10112364 
040 |a GR-MY-UA  |b gre  |e aacr 
041 0 |a ger 
082 0 |a 371.33  |2 (22) 
100 0 |a Κατσαβός, Κωνσταντίνος. 
245 1 4 |a Der jugendmedienschutz, bzw. Der jugendschutz im internet,im schnittfeld von padagogischen und juristischen institutionen aus beispielen Deutschland und Griechenland :  |b διπλωματική εργασία [μεταπτυχιακή εργασία] /  |c Κατσαβός Κωνσταντίνος ; επιβλέπων: Johannes Gutenberg 
260 |c 2009 
300 |a 113 σ.;  |c 30 εκ. 
500 |a Μέλη εξεταστικής επιτροπής: Stefan Aufenanger, Σοφός Αλιβίζος 
502 |a Διατριβή (μεταπτυχιακή) – Πανεπιστήμιο Αιγαίου, Ρόδος, 2009. 
504 |a Βιβλιογραφία: σ. 103-113 
650 0 0 |a Educational technology. 
650 0 0 |a Internet in education  |z Greece. 
650 0 0 |a Internet in education  |z Germany. 
650 0 0 |a Information technology. 
650 0 0 |a Education  |x Effect of technological innovations on. 
650 0 0 |a Dissertations, Academic  |z Greece. 
700 0 |a Gutenberg, Johannes.  |4 ths 
710 2 |a Πανεπιστήμιο Αιγαίου  |b Σχολή Ανθρωπιστικών Επιστημών  |b Παιδαγωγικό Τμήμα Δημοτικής Εκπαίδευσης  |b Πρόγραμμα Μεταπτυχιακών Σπουδών Επιστήμες της Αγωγής - Εκπαίδευση με τη Χρήση Νέων Τεχνολογιών. 
852 |a INST  |b RHODES  |c DIATR  |e 20120508  |h 371.33 ΚΑΤ  |p 005400032473  |q 005400032473  |t MTXE  |y 23 
852 |a INST  |b RHODES  |c DIATR  |e 20120508  |h 371.33 ΚΑΤ  |p 005400032474  |q 005400032474  |t MTXE  |y 23 
856 |u http://hdl.handle.net/11610/16319 
901 |a BIBL4-2012-2 
909 |a Ρ  |b 159697 
909 |a Ρ  |b 159696 
924 |a ΚΑΤΣΑΒΟΣ  |b ΚΩΝΣΤΑΝΤΙΝΟΣ  |y ΡΟΔΟΣ  |z 2009-10 
970 |z 2012/05/08